000 00904cam a22002531 4500
001 e 37000174
003 DLC
005 20260227111226.0
008 840709s1936 nyu s000 0 eng c
010 _ae 37000174
035 _a(OCoLC)10929649
040 _aU.S. Off. of educ. Library
_cDNIE
_dDNIE
_dDLC
042 _apremarc
043 _an-us-ny
050 0 0 _aKFN5659.Z9
_bN4 1936b
110 2 _aState University of New York.
245 1 0 _aCertificates for teaching service;
_blaws, rules, regulations and general information.
260 _aAlbany,
_bThe University of the state of New York press,
_c1936.
300 _a45 p.
_c23 cm.
490 0 _aUniversity of the state of New York bulletin ...
_vno. 1079. Nov. 1, 1935
500 _a"Certification bulletin no. 2."
650 0 _aTeachers
_xCertification
_zNew York (State)
650 0 _aEducational law and legislation
_zNew York (State)
999 _c21533
_d21533